[Event "21e tournoi d'automne"]
[Site "Montigny le Bretonneux"]
[Date "2023.10.23"]
[Round "3.6"]
[White "Kunne, Ronald"]
[Black "Aidan, David"]
[Result "1-0"]
[WhiteElo "1563"]
[BlackElo "1181"]
[Annotator "Rivier,Sylvain"]
[PlyCount "91"]
[EventDate "2023.??.??"]

{DÃ©fense Petroff} 1. e4 e5 2. Nf3 Nf6 3. Nxe5 d6 4. Nf3 Nxe4 5. Nc3 Nxc3 6.
dxc3 Be7 7. Bd3 Nc6 8. Be3 Be6 9. Qd2 Qd7 10. O-O-O O-O-O 11. Nd4 Nxd4 12. Bxd4
c5 13. Be3 h6 14. h4 Qa4 15. a3 Bxh4 16. Qe2 Bf6 17. c4 Qc6 18. f4 Rhe8 19. g4
Bd7 20. c3 Kb8 21. Rhe1 Qc8 22. Bf5 Bxf5 23. gxf5 Qxf5 24. Rd5 Qd7 25. Qd2 b6
26. b4 Qc7 27. Qd3 g6 28. Rd1 Re6 29. bxc5 bxc5 30. Bxc5 Be7 31. Bb4 Kc8 32.
Ba5 Qc6 33. Bxd8 Kxd8 34. Rb5 Kc7 35. Qd5 Qa6 36. Kb2 Re2+ 37. Rd2 Rxd2+ 38.
Qxd2 h5 39. Qd5 h4 40. Qxf7 Kd7 41. Qxg6 Qc6 42. Qf5+ Kc7 43. Qe6 Qg2+ 44. Kb3
Qg7 45. Qd5 Kc8 46. Qc6+ 1-0

[Event "21e tournoi d'automne"]
[Site "Montigny le Bretonneux"]
[Date "2023.10.23"]
[Round "3.7"]
[White "Ben Hamouda, Catherine"]
[Black "Schwartz, Timothee"]
[Result "0-1"]
[WhiteElo "1010"]
[BlackElo "1494"]
[Annotator "Rivier,Sylvain"]
[PlyCount "58"]
[EventDate "2023.??.??"]

{Défense sicilienne, variante Rossolimo} 1. e4 c5 2. Nf3 Nc6 3. Bb5 g6 4. Bxc6
dxc6 5. d3 Bg7 6. h3 Nf6 7. Nc3 Nd7 8. Bf4 e5 9. Be3 b6 10. Qd2 h6 11. O-O Nf8
12. Ne2 Ne6 13. c3 Ba6 14. Rfd1 Qd7 15. Qc2 Rd8 16. Rd2 Bxd3 17. Rxd3 Qxd3 18.
Qxd3 Rxd3 19. Ne1 Rd7 20. Nc2 O-O 21. Kf1 f5 22. exf5 gxf5 23. g3 f4 24. gxf4
exf4 25. Bxf4 Nxf4 26. Ng1 Rd2 27. Rc1 Nd3 28. Ne2 Rxf2+ 29. Kg1 Rfxe2 0-1

[Event "21e tournoi d'automne"]
[Site "Montigny le Bretonneux"]
[Date "2023.10.23"]
[Round "3.8"]
[White "Gazay, Didier"]
[Black "Benhadid, Jazzmine"]
[Result "0-1"]
[WhiteElo "1568"]
[BlackElo "1441"]
[Annotator "Rivier,Sylvain"]
[PlyCount "82"]
[EventDate "2023.??.??"]

{Ouverture anglaise, variante sicilienne fermÃ©e inversÃ©e} 1. c4 Nf6 2. g3 g6
3. Bg2 Bg7 4. Nc3 O-O 5. e4 d6 6. d3 e5 7. Nge2 Nc6 8. O-O Be6 9. h3 Qd7 10.
Kh2 Ne8 11. b3 Ne7 12. Bd2 f5 13. f4 Nc6 14. Rc1 Nf6 15. Be3 fxe4 16. dxe4 Rae8
17. Qd2 Re7 18. Nd5 Ref7 19. g4 exf4 20. Nexf4 Ne5 21. Nxe6 Qxe6 22. Nxf6+ Rxf6
23. Rxf6 Rxf6 24. Qd5 Qxd5 25. cxd5 Rf7 26. Bxa7 b6 27. Bb8 Nd3 28. Rxc7 Be5+
29. Kg1 Bd4+ 30. Kh1 Nf2+ 31. Kh2 Be5+ 32. Kg1 Rf8 33. Rb7 Nd3 34. Bc7 Bd4+ 35.
Kh1 Nf2+ 36. Kh2 Be5+ 37. Kg1 Nd3 38. Bxb6 Rc8 39. Be3 Rc2 40. Bh6 Bd4+ 41. Kf1
Rf2+ 0-1

[Event "21e tournoi d'automne"]
[Site "Montigny le Bretonneux"]
[Date "2023.10.23"]
[Round "3.9"]
[White "Touati, Bruno"]
[Black "Montay, Jean-Paul"]
[Result "1-0"]
[WhiteElo "1699"]
[BlackElo "1313"]
[Annotator "Rivier,Sylvain"]
[PlyCount "71"]
[EventDate "2023.??.??"]

{Gambit dame, système Ragozin} 1. Nf3 Nf6 2. d4 d5 3. c4 e6 4. Nc3 Bb4 5. Ne5
O-O 6. Bg5 h6 7. Bh4 c6 8. a3 Bxc3+ 9. bxc3 Nbd7 10. e3 Qc7 11. f4 Ne4 12. Qc2
f6 13. Nxd7 Bxd7 14. Bd3 f5 15. g4 Qa5 16. Bxe4 dxe4 17. Be7 Rf7 18. Bd6 b6 19.
h4 fxg4 20. Bb4 Qf5 21. Bd6 c5 22. O-O-O Bc6 23. Be5 Rd8 24. h5 g5 25. hxg6
Qxg6 26. Rh4 h5 27. Rdh1 Rh7 28. Qh2 Be8 29. Rg1 Qf5 30. Rd1 Rh6 31. Rxg4+ Bg6
32. Rg5 Qf7 33. Rdg1 Kh7 34. Rxg6 Rxg6 35. Qxh5+ Rh6 36. Qxf7# 1-0

[Event "21e tournoi d'automne"]
[Site "Montigny le Bretonneux"]
[Date "2023.10.23"]
[Round "3.10"]
[White "Henry, Victor"]
[Black "Moulun, Raphael"]
[Result "1/2-1/2"]
[WhiteElo "1339"]
[BlackElo "1241"]
[Annotator "Rivier,Sylvain"]
[PlyCount "77"]
[EventDate "2023.??.??"]

{Ouverture anglaise, variante Botvinnik} 1. c4 c5 2. Nc3 Nc6 3. g3 g6 4. Bg2
Bg7 5. e3 e6 6. Nge2 Nge7 7. d4 cxd4 8. exd4 d5 9. cxd5 Nxd5 10. O-O O-O 11.
Rb1 Rb8 12. Nf4 Bxd4 13. Nfxd5 exd5 14. Bxd5 Bb6 15. Be3 Bxe3 16. fxe3 Ne7 17.
Qd4 Nxd5 18. Nxd5 f5 19. Qe5 Bd7 20. Rfd1 Rf7 21. Rbc1 Rc8 22. Rxc8 Bxc8 23.
Nc3 Bd7 24. Qd5 Qe7 25. Kf2 Bc6 26. Qd6 Qxd6 27. Rxd6 Rd7 28. Rxd7 Bxd7 29. Kf3
Bc6+ 30. Kf4 Kg7 31. e4 fxe4 32. Nxe4 Bxe4 33. Kxe4 Kf6 34. b4 Ke6 35. a4 b6
36. h4 h5 37. a5 bxa5 38. bxa5 a6 39. Kf4 1/2-1/2

[Event "21e tournoi d'automne"]
[Site "Montigny le Bretonneux"]
[Date "2023.10.24"]
[Round "4.1"]
[White "Benhadid, Jeilynn"]
[Black "Martin-Breteau, Paul"]
[Result "1/2-1/2"]
[WhiteElo "1504"]
[BlackElo "1556"]
[Annotator "Rivier,Sylvain"]
[PlyCount "70"]
[EventDate "2023.??.??"]

{Gambit dame, variante Tartacover} 1. d4 Nf6 2. c4 e6 3. Nf3 b6 4. Nc3 Bb7 5.
Bg5 h6 6. Bh4 Be7 7. e3 d5 8. Be2 O-O 9. O-O dxc4 10. Bxc4 Ne4 11. Bxe7 Qxe7
12. Rc1 Nxc3 13. Rxc3 Rd8 14. Qe2 Nc6 15. Rfc1 Rac8 16. a3 e5 17. dxe5 Nxe5 18.
Nxe5 Qxe5 19. Ba6 Qd5 20. Bxb7 Qxb7 21. Rc6 Rd6 22. Rxd6 cxd6 23. Rxc8+ Qxc8
24. Qd2 Qc6 25. h3 a5 26. Kh2 Qc5 27. Kg1 Qc7 28. Kf1 Qc4+ 29. Kg1 Qc7 30. Qd4
b5 31. Qd2 Qb6 32. Qc3 b4 33. axb4 axb4 34. Qc8+ Kh7 35. Qc4 Kg8 1/2-1/2

[Event "21e tournoi d'automne"]
[Site "Montigny le Bretonneux"]
[Date "2023.10.24"]
[Round "4.2"]
[White "Gouanelle, Franck"]
[Black "Fruchard, Cyrille"]
[Result "1-0"]
[WhiteElo "2058"]
[BlackElo "2323"]
[Annotator "Rivier,Sylvain"]
[PlyCount "115"]
[EventDate "2023.??.??"]

{Partie du pion dame} 1. d4 d5 2. Nf3 Nf6 3. Bf4 c5 4. e3 e6 5. c3 Nc6 6. Nbd2
Be7 7. Ne5 O-O 8. Bd3 Bd7 9. Qf3 Ne8 10. Qh3 g6 11. Nxd7 Qxd7 12. Bh6 Ng7 13.
f4 Rfe8 14. g4 b5 15. O-O b4 16. f5 bxc3 17. fxg6 fxg6 18. bxc3 Rf8 19. Bb5
Rxf1+ 20. Rxf1 Qb7 21. Bxc6 Qxc6 22. Nf3 Rf8 23. Ne5 Qb7 24. Rxf8+ Bxf8 25. Qf1
cxd4 26. cxd4 Qe7 27. Bg5 Qe8 28. Qf6 a5 29. Kg2 a4 30. Bh6 a3 31. Kf3 Kh8 32.
Nf7+ Kg8 33. Ng5 Qe7 34. Bxg7 Qxg7 35. Qxg7+ Bxg7 36. Nxe6 Bh8 37. Nc7 Kf7 38.
Nxd5 Ke6 39. Ke4 Bg7 40. Nc7+ Kf7 41. Kd5 Bh6 42. e4 Bf4 43. Nb5 Bxh2 44. Nxa3
h5 45. gxh5 gxh5 46. Nc4 h4 47. Nd2 h3 48. Nf3 Bf4 49. e5 Ke7 50. Kc6 Bd2 51.
a4 Bc3 52. Kc5 Kd8 53. e6 Ke7 54. d5 Bd2 55. Kc6 Bb4 56. Kb5 Be1 57. a5 Kd6 58.
Kb6 1-0

[Event "21e tournoi d'automne"]
[Site "Montigny le Bretonneux"]
[Date "2023.10.24"]
[Round "4.3"]
[White "Schwartz, Timothee"]
[Black "Forissier, Nicolas"]
[Result "1/2-1/2"]
[WhiteElo "1494"]
[BlackElo "1878"]
[Annotator "Rivier,Sylvain"]
[PlyCount "95"]
[EventDate "2023.??.??"]

{Partie italienne, guiocco piano} 1. e4 e5 2. Nf3 Nc6 3. Bc4 Bc5 4. c3 Nf6 5.
d4 exd4 6. e5 d5 7. Bb5 Ne4 8. cxd4 Bb4+ 9. Bd2 Nxd2 10. Nbxd2 Bd7 11. Bxc6
Bxc6 12. O-O O-O 13. a3 Be7 14. Qc2 Qd7 15. Rfc1 Rac8 16. b4 Ba4 17. Qc3 b6 18.
Qe3 Qe6 19. Rc3 c6 20. Rac1 Rfd8 21. Nb3 h6 22. Ne1 f6 23. Nd3 fxe5 24. Qxe5
Qf7 25. Qg3 Bg5 26. Re1 Qf5 27. h4 Bf6 28. Ne5 Re8 29. Rce3 Qh5 30. Ng6 Rxe3
31. Rxe3 Rd8 32. Ne7+ Kh7 33. Re1 Bxh4 34. Qd3+ Kh8 35. Qg6 Bxf2+ 36. Kxf2 Qxg6
37. Nxg6+ Kh7 38. Ne7 Bxb3 39. Nxc6 Rf8+ 40. Kg3 Rf7 41. Re7 Rxe7 42. Nxe7 a5
43. Kf4 axb4 44. axb4 g5+ 45. Ke5 h5 46. Nxd5 Bxd5 47. Kxd5 h4 48. Ke6 1/2-1/2

[Event "21e tournoi d'automne"]
[Site "Montigny le Bretonneux"]
[Date "2023.10.24"]
[Round "4.4"]
[White "Lefol, Marius"]
[Black "Kunne, Ronald"]
[Result "1-0"]
[WhiteElo "1717"]
[BlackElo "1563"]
[Annotator "Rivier,Sylvain"]
[PlyCount "43"]
[EventDate "2023.??.??"]

{Défense française, variante Tarrasch fermée} 1. e4 e6 2. d4 d5 3. Nd2 Nf6 4.
e5 Nfd7 5. Bd3 c5 6. c3 Nc6 7. Ne2 cxd4 8. cxd4 f6 9. exf6 Nxf6 10. Nf3 Bd6 11.
O-O O-O 12. Bf4 Bxf4 13. Nxf4 Ne4 14. Nh5 Ng5 15. Ne5 Nxe5 16. dxe5 Nf3+ 17.
gxf3 Qg5+ 18. Ng3 h5 19. f4 Rxf4 20. Qxh5 Qxh5 21. Nxh5 Rd4 22. Rad1 1-0

[Event "21e tournoi d'automne"]
[Site "Montigny le Bretonneux"]
[Date "2023.10.24"]
[Round "4.5"]
[White "Plantet, Marc"]
[Black "Benhadid, Jazzmine"]
[Result "0-1"]
[WhiteElo "1697"]
[BlackElo "1441"]
[Annotator "Rivier,Sylvain"]
[PlyCount "50"]
[EventDate "2023.??.??"]

{Défense sicilienne} 1. e4 c5 2. b4 cxb4 3. d4 d5 4. exd5 Qxd5 5. a3 Nc6 6.
axb4 Qxd4 7. c3 Qxd1+ 8. Kxd1 Bf5 9. Be3 Rd8+ 10. Nd2 a6 11. Bb6 Rc8 12. Ngf3
Nf6 13. b5 axb5 14. Bxb5 Nd5 15. Bd4 f6 16. Ra7 e5 17. c4 Nc7 18. Rxb7 Nxb5 19.
cxb5 Nxd4 20. Nxd4 exd4 21. Re1+ Kd8 22. Ke2 Bb4 23. Ra1 Re8+ 24. Kf3 Bxd2 25.
Rxg7 Rc3# 0-1

[Event "21e tournoi d'automne"]
[Site "Montigny le Bretonneux"]
[Date "2023.10.24"]
[Round "4.6"]
[White "Tanchoux, Pierre"]
[Black "Touati, Bruno"]
[Result "0-1"]
[WhiteElo "1242"]
[BlackElo "1699"]
[Annotator "Rivier,Sylvain"]
[PlyCount "98"]
[EventDate "2023.??.??"]

{Partie du pion dame} 1. d4 d5 2. Nf3 c5 3. e3 Nf6 4. b3 Nc6 5. Bb2 Bg4 6. Be2
e6 7. O-O cxd4 8. exd4 Bd6 9. Ne5 h5 10. h3 Bxe2 11. Qxe2 g5 12. Nd2 g4 13. h4
Nd7 14. g3 Qc7 15. Nxd7 Qxd7 16. Rfe1 O-O-O 17. a4 Ne7 18. Qb5 Qc7 19. Qd3 Nf5
20. Rac1 Kb8 21. c4 Qa5 22. c5 Be7 23. c6 Rc8 24. cxb7 Kxb7 25. Nf1 Rxc1 26.
Rxc1 Rc8 27. Rxc8 Kxc8 28. Qc3+ Qxc3 29. Bxc3 Bf6 30. Ne3 Nxd4 31. Bxd4 Bxd4
32. Nc2 Bc3 33. Kf1 Kc7 34. Ke2 Kd6 35. Ne3 f5 36. Ng2 e5 37. Ne3 Ke6 38. Nd1
Bb4 39. Nb2 e4 40. Nd1 f4 41. gxf4 d4 42. Nb2 Kf5 43. Nc4 Kxf4 44. Nb2 d3+ 45.
Nxd3+ exd3+ 46. Kxd3 Kf3 47. Kc4 Be1 48. b4 Bxf2 49. b5 g3 0-1

[Event "21e tournoi d'automne"]
[Site "Montigny le Bretonneux"]
[Date "2023.10.24"]
[Round "4.7"]
[White "Selores Granjo, Gilberto"]
[Black "Couradin, Jean-Marie"]
[Result "1-0"]
[WhiteElo "1405"]
[BlackElo "1426"]
[Annotator "Rivier,Sylvain"]
[PlyCount "115"]
[EventDate "2023.??.??"]

{Défense française} 1. e4 e6 2. Nf3 d5 3. e5 c5 4. b4 cxb4 5. a3 bxa3 6. Bxa3
Bxa3 7. Nxa3 Bd7 8. Nb5 Bxb5 9. Bxb5+ Nc6 10. c4 Nge7 11. Qc2 O-O 12. h4 dxc4
13. Ng5 g6 14. h5 Qd4 15. O-O-O Qa1+ 16. Qb1 Qxb1+ 17. Kxb1 Nxe5 18. hxg6 N7xg6
19. Nxh7 Rfd8 20. Nf6+ Kg7 21. Ne4 a6 22. Ba4 Nd3 23. Bc2 Nb4 24. Ng5 Rh8 25.
Be4 Nd5 26. Nh3 f5 27. Bf3 Kf6 28. Rhe1 Ne5 29. Bxd5 exd5 30. Nf4 Rad8 31. Re2
Nd3 32. Nxd3 cxd3 33. Re3 d4 34. Rxd3 Rhe8 35. Rb3 b5 36. Ra3 Rd6 37. Kc2 Re2
38. Rf1 Ke6 39. Kd3 Re5 40. Rh1 Kd5 41. f4 Ree6 42. Rh5 Rf6 43. Ra1 b4 44. g4
b3 45. Ra5+ Ke6 46. Re5+ Kf7 47. g5 Rg6 48. Rxf5+ Ke8 49. Rh7 Rb6 50. Rc5 Rgc6
51. Rxc6 Rxc6 52. Rb7 Rd6 53. Rxb3 Kf7 54. f5 Rd5 55. Rb7+ Kf8 56. Ke4 Ra5 57.
g6 Ra2 58. f6 1-0

[Event "21e tournoi d'automne"]
[Site "Montigny le Bretonneux"]
[Date "2023.10.24"]
[Round "4.8"]
[White "Aidan, David"]
[Black "Danek, Victor"]
[Result "0-1"]
[WhiteElo "1181"]
[BlackElo "1475"]
[Annotator "Rivier,Sylvain"]
[PlyCount "64"]
[EventDate "2023.??.??"]

{Défense Caro-Kann} 1. e4 c6 2. c4 d5 3. exd5 cxd5 4. cxd5 Qxd5 5. Nc3 Qa5 6.
d4 Nf6 7. Bd2 Qb6 8. Bc1 Bf5 9. h3 a6 10. Nf3 Nc6 11. b3 Nb4 12. Kd2 Nc2 13.
Bb2 Nxa1 14. Bxa1 e6 15. Ke1 Bb4 16. Qc1 Qc7 17. Kd1 Rc8 18. Bc4 Bxc3 19. Bxc3
b5 20. Bxb5+ axb5 21. Bd2 Qxc1+ 22. Bxc1 Rc2 23. g4 Be4 24. Re1 Rxc1+ 25. Kxc1
Bxf3 26. Kb2 O-O 27. Rc1 Nd5 28. g5 b4 29. h4 Ra8 30. Rc5 g6 31. Rxd5 Bxd5 32.
f4 Be4 0-1

[Event "21e tournoi d'automne"]
[Site "Montigny le Bretonneux"]
[Date "2023.10.24"]
[Round "4.9"]
[White "Montay, Jean-Paul"]
[Black "Ben Hamouda, Catherine"]
[Result "1-0"]
[WhiteElo "1313"]
[BlackElo "1010"]
[Annotator "Rivier,Sylvain"]
[PlyCount "107"]
[EventDate "2023.??.??"]

{Ouverture anglaise, variante de Breme} 1. c4 Nf6 2. Nf3 g6 3. Nc3 Bg7 4. g3
O-O 5. Bg2 d6 6. O-O e5 7. d3 Be6 8. Ng5 Bc8 9. Rb1 c6 10. Be3 Nbd7 11. Nce4
Nb6 12. Nxf6+ Bxf6 13. Ne4 Be6 14. Nxf6+ Qxf6 15. Qd2 Rad8 16. Bg5 Qg7 17. Bxd8
Rxd8 18. Qa5 Ra8 19. b4 d5 20. cxd5 cxd5 21. Rbc1 f5 22. Rc2 e4 23. dxe4 dxe4
24. Rfc1 Nc4 25. Qa4 Bd7 26. b5 Nb6 27. Qb3+ Kh8 28. Qc3 Qxc3 29. Rxc3 Bxb5 30.
e3 Bc4 31. a3 Rc8 32. Bf1 Be6 33. Rxc8+ Bxc8 34. Rc7 a6 35. a4 a5 36. Bb5 Be6
37. Rxb7 Nd5 38. Ra7 Nc3 39. Rxa5 Nd5 40. Bc4 Nc7 41. Bxe6 Nxe6 42. Re5 Nc7 43.
a5 Kg8 44. Re7 Na6 45. Re6 Nb4 46. Rb6 Nd5 47. Rd6 Nc7 48. Rc6 Nb5 49. a6 Kf8
50. Rb6 Nc7 51. a7 Ke8 52. Rb7 Kd8 53. Rxc7 Kxc7 54. a8=Q 1-0

[Event "21e tournoi d'automne"]
[Site "Montigny le Bretonneux"]
[Date "2023.10.24"]
[Round "4.10"]
[White "Moulun, Raphael"]
[Black "Gazay, Didier"]
[Result "1-0"]
[WhiteElo "1241"]
[BlackElo "1568"]
[Annotator "Rivier,Sylvain"]
[PlyCount "61"]
[EventDate "2023.??.??"]

{Ouverture anglaise, défense anglo-indienne} 1. f4 Nf6 2. c4 b6 3. Nf3 Bb7 4.
e3 e6 5. Be2 d5 6. O-O Bd6 7. Nc3 O-O 8. b3 a6 9. Bb2 Nbd7 10. d4 Qe7 11. a3
Rad8 12. Qc2 Ne4 13. Bd3 Ndf6 14. Nd2 Nxd2 15. Qxd2 Ne4 16. Qe2 Nxc3 17. Bxc3
dxc4 18. bxc4 a5 19. e4 Bxa3 20. Rf3 Bb4 21. Bb2 f5 22. Rg3 Rd7 23. d5 Qc5+ 24.
Kh1 exd5 25. exf5 d4 26. Qe6+ Rdf7 27. f6 g6 28. Bxg6 hxg6 29. Rxg6+ Kh7 30.
Qg4 Bc8 31. Rg7+ 1-0

[Event "21e tournoi d'automne"]
[Site "Montigny le Bretonneux"]
[Date "2023.10.25"]
[Round "5.1"]
[White "Martin-Breteau, Paul"]
[Black "Lefol, Marius"]
[Result "1-0"]
[WhiteElo "1556"]
[BlackElo "1717"]
[Annotator "Rivier,Sylvain"]
[PlyCount "73"]
[EventDate "2023.??.??"]

{Défense française, variante d'avance} 1. e4 e6 2. d4 d5 3. e5 c5 4. c3 Nc6 5.
Nf3 Bd7 6. Be2 Nge7 7. Na3 cxd4 8. cxd4 Nf5 9. Nc2 Nb4 10. O-O Nxc2 11. Qxc2
Qb6 12. Rd1 Rc8 13. Qb3 Qxb3 14. axb3 a6 15. Bd3 Ne7 16. Bd2 Nc6 17. Rdc1 Be7
18. h4 O-O 19. Bc3 Ra8 20. g3 Rfc8 21. h5 h6 22. Kg2 Bd8 23. g4 b5 24. Bd2 Bb6
25. Be3 Ra7 26. g5 hxg5 27. h6 gxh6 28. Rh1 Nb4 29. Rxh6 Nxd3 30. Rah1 Bd8 31.
Nxg5 Bc6 32. Rh8+ Kg7 33. Nxe6+ fxe6 34. R1h7+ Kg6 35. Rxa7 Nb4 36. Rh6+ Kf5
37. Kf3 1-0

[Event "21e tournoi d'automne"]
[Site "Montigny le Bretonneux"]
[Date "2023.10.25"]
[Round "5.2"]
[White "Fruchard, Cyrille"]
[Black "Benhadid, Jeilynn"]
[Result "1-0"]
[WhiteElo "2323"]
[BlackElo "1504"]
[Annotator "Rivier,Sylvain"]
[PlyCount "65"]
[EventDate "2023.??.??"]

{Ouverture du pion dame} 1. d4 Nf6 2. Bg5 g6 3. Bxf6 exf6 4. g3 Bg7 5. Bg2 O-O
6. e3 d6 7. Ne2 f5 8. O-O c6 9. c4 a5 10. Nbc3 h5 11. a3 h4 12. b4 hxg3 13.
hxg3 Kh7 14. b5 Rh8 15. Qd3 Kg8 16. Rab1 Qc7 17. Rb2 Nd7 18. Rfb1 c5 19. Rd2
Bf8 20. Nf4 Nf6 21. b6 Qe7 22. dxc5 dxc5 23. Nfd5 Nxd5 24. cxd5 f4 25. d6 Qd7
26. exf4 Bg7 27. Ne4 Bd4 28. Qc4 Kg7 29. Rxd4 cxd4 30. Qxd4+ f6 31. Qxf6+ Kh7
32. Ng5+ Kg8 33. Bd5+ 1-0

[Event "21e tournoi d'automne"]
[Site "Montigny le Bretonneux"]
[Date "2023.10.25"]
[Round "5.3"]
[White "Benhadid, Jazzmine"]
[Black "Gouanelle, Franck"]
[Result "0-1"]
[WhiteElo "1441"]
[BlackElo "2058"]
[Annotator "Rivier,Sylvain"]
[PlyCount "130"]
[EventDate "2023.??.??"]

{Défense française, variante d'échange} 1. e4 e6 2. d4 d5 3. Bd3 dxe4 4. Bxe4
Nf6 5. Bf3 Nc6 6. Ne2 Bd6 7. Nbc3 O-O 8. O-O e5 9. Bxc6 bxc6 10. dxe5 Bxe5 11.
Bf4 Bd6 12. Bg5 Bxh2+ 13. Kh1 Bd6 14. Qd3 Be7 15. Qxd8 Rxd8 16. Bf4 Bf5 17.
Bxc7 Rd7 18. Bf4 Bxc2 19. Rac1 Bd3 20. f3 Nd5 21. Rfd1 Nxf4 22. Nxf4 Bf5 23.
Rxd7 Bxd7 24. Rd1 Be8 25. Kg1 g6 26. Kf2 h5 27. Nh3 Kf8 28. Ne4 Rd8 29. Rxd8
Bxd8 30. f4 Ke7 31. Nhg5 Bd7 32. Ke3 Bb6+ 33. Ke2 Bd4 34. b3 c5 35. Nd2 Bf5 36.
Ngf3 Bc3 37. Ke3 Ba5 38. Nc4 Bb6 39. Nfd2 f6 40. Ne4 Ke6 41. g3 g5 42. fxg5
Bxe4 43. Kxe4 fxg5 44. Ne3 Bc7 45. Nf1 Be5 46. a3 Bb2 47. a4 Be5 48. Ke3 Kd5
49. Kd3 h4 50. gxh4 gxh4 51. Ne3+ Kc6 52. Ng4 Bg3 53. Kc4 h3 54. b4 cxb4 55.
Kxb4 h2 56. Nxh2 Bxh2 57. Ka5 Kb7 58. Kb5 a6+ 59. Kc5 Bg3 60. Kc4 Kb6 61. Kb4
Be1+ 62. Kc4 Ka5 63. Kb3 Bh4 64. Ka3 Be7+ 65. Kb3 Bd6 0-1

[Event "21e tournoi d'automne"]
[Site "Montigny le Bretonneux"]
[Date "2023.10.25"]
[Round "5.4"]
[White "Forissier, Nicolas"]
[Black "Selores Granjo, Gilberto"]
[Result "1-0"]
[WhiteElo "1878"]
[BlackElo "1405"]
[Annotator "Rivier,Sylvain"]
[PlyCount "81"]
[EventDate "2023.??.??"]

{Gambit dame} 1. d4 d5 2. c4 Nf6 3. cxd5 Nxd5 4. Nf3 Bf5 5. Nbd2 Nb6 6. e4 Bg4
7. Qb3 e6 8. Ne5 Bh5 9. Ndf3 Bxf3 10. Nxf3 N8d7 11. Be3 Be7 12. Bd3 O-O 13. O-O
c5 14. Bb5 cxd4 15. Bxd4 Nc5 16. Qe3 Ncd7 17. Rfd1 a6 18. Bxb6 Qxb6 19. Bxd7
Qxb2 20. Qb3 Qf6 21. Qb6 Rfd8 22. Rac1 Qf4 23. Qxb7 Rab8 24. Qc6 Rb2 25. Rc2
Rb4 26. e5 a5 27. h3 Rbb8 28. Rcd2 h6 29. Qc7 Qb4 30. Qc2 Qb6 31. Qc6 Qb4 32.
Qa4 Qb6 33. Nd4 Rb7 34. Nc6 Rdxd7 35. Rxd7 Rxd7 36. Rxd7 Bh4 37. Qxh4 Qxc6 38.
Qd4 Qc1+ 39. Kh2 g6 40. Qd2 Qc5 41. Qf4 1-0

[Event "21e tournoi d'automne"]
[Site "Montigny le Bretonneux"]
[Date "2023.10.25"]
[Round "5.5"]
[White "Touati, Bruno"]
[Black "Schwartz, Timothee"]
[Result "1-0"]
[WhiteElo "1699"]
[BlackElo "1494"]
[Annotator "Rivier,Sylvain"]
[PlyCount "47"]
[EventDate "2023.??.??"]

{Gambit dame refusé} 1. Nf3 d5 2. d4 e6 3. c4 a6 4. Nc3 dxc4 5. a4 Nc6 6. e4
Na5 7. Be3 Nf6 8. Ne5 Bb4 9. Qc2 b5 10. Be2 O-O 11. O-O Bd7 12. Bg5 Be7 13. f4
c5 14. dxc5 Bxc5+ 15. Kh1 Qc7 16. Bxf6 gxf6 17. Ng4 Be7 18. Rf3 b4 19. Nd1 Rac8
20. Rc1 Qc6 21. f5 Nb3 22. Rg3 Nxc1 23. Ne5+ Kh8 24. Nxc6 1-0

[Event "21e tournoi d'automne"]
[Site "Montigny le Bretonneux"]
[Date "2023.10.25"]
[Round "5.6"]
[White "Kunne, Ronald"]
[Black "Plantet, Marc"]
[Result "1-0"]
[WhiteElo "1563"]
[BlackElo "1697"]
[Annotator "Rivier,Sylvain"]
[PlyCount "59"]
[EventDate "2023.??.??"]

{Défense Caro-Kann, variante d'échange} 1. e4 c6 2. d4 d5 3. exd5 cxd5 4. Bd3
Nc6 5. c3 g6 6. Bf4 Bg7 7. Nf3 Nh6 8. Qd2 Ng4 9. h3 e5 10. dxe5 Ngxe5 11. Nxe5
Nxe5 12. Bb5+ Nc6 13. Qe3+ Be6 14. Be5 Bxe5 15. Qxe5 O-O 16. Bxc6 bxc6 17. O-O
Qb6 18. Nd2 Qxb2 19. Nf3 Qb8 20. Rfb1 Qc8 21. Rb4 Re8 22. Qg5 Qd8 23. Qh6 f6
24. Rb7 Bd7 25. Rab1 Re5 26. Nxe5 fxe5 27. Qe3 Qe8 28. Rxa7 e4 29. Rbb7 Rd8 30.
Qf4 1-0

[Event "21e tournoi d'automne"]
[Site "Montigny le Bretonneux"]
[Date "2023.10.25"]
[Round "5.7"]
[White "Danek, Victor"]
[Black "Henry, Victor"]
[Result "1/2-1/2"]
[WhiteElo "1475"]
[BlackElo "1339"]
[Annotator "Rivier,Sylvain"]
[PlyCount "110"]
[EventDate "2023.??.??"]

{Ouverture anglaise, variante des quatre cavaliers, structure du dragon} 1. c4
e5 2. Nc3 Nf6 3. d3 d5 4. cxd5 Nxd5 5. Nf3 Nc6 6. g3 Be6 7. Bg2 f6 8. h3 Qd7 9.
Bd2 Be7 10. a3 a5 11. e3 Nxc3 12. Bxc3 O-O 13. d4 e4 14. Nd2 f5 15. O-O f4 16.
gxf4 Bxh3 17. Nxe4 Bxg2 18. Kxg2 Qf5 19. Qf3 g5 20. Ng3 g4 21. Qxc6 bxc6 22.
Nxf5 Rxf5 23. Rh1 c5 24. Kg3 cxd4 25. Kxg4 dxc3 26. Kxf5 cxb2 27. Ra2 Rf8+ 28.
Ke6 Bf6 29. Rg1+ Kh8 30. Rb1 Kg7 31. Raxb2 Bxb2 32. Rxb2 Rf6+ 33. Kd5 h5 34.
Rc2 c6+ 35. Ke4 Rh6 36. Kf3 h4 37. Kg2 h3+ 38. Kh2 Kf7 39. Rc5 Ke7 40. Rxa5 Kd7
41. Rc5 Kd6 42. Rc2 c5 43. a4 Kd5 44. a5 c4 45. Ra2 c3 46. a6 Rh8 47. a7 Ra8
48. f5 Ke5 49. e4 Kxe4 50. f6 c2 51. Rxc2 Rxa7 52. Rc6 Kf3 53. Re6 Rf7 54. Ra6
Rf8 55. Re6 Rf7 1/2-1/2

[Event "21e tournoi d'automne"]
[Site "Montigny le Bretonneux"]
[Date "2023.10.25"]
[Round "5.8"]
[White "Moulun, Raphael"]
[Black "Montay, Jean-Paul"]
[Result "1/2-1/2"]
[WhiteElo "1241"]
[BlackElo "1313"]
[Annotator "Rivier,Sylvain"]
[PlyCount "94"]
[EventDate "2023.??.??"]

{Ouverture Bird} 1. f4 d5 2. c4 e6 3. e3 Nf6 4. Nf3 g6 5. b3 Bg7 6. Bb2 O-O 7.
Nc3 c6 8. Qc2 Nbd7 9. Bd3 Nc5 10. Be2 Re8 11. b4 Nce4 12. d3 Nxc3 13. Bxc3 b5
14. c5 Ng4 15. Bxg7 Kxg7 16. Qd2 e5 17. h3 e4 18. hxg4 exf3 19. Bxf3 a5 20. g5
axb4 21. Qb2+ d4 22. e4 b3 23. Kf2 Be6 24. axb3 Qd7 25. Kg3 Ra7 26. Rxa7 Qxa7
27. Qxd4+ Kg8 28. b4 Qe7 29. Bg4 Bxg4 30. Kxg4 Rd8 31. Qe3 Qd7+ 32. f5 Qxd3 33.
Qxd3 Rxd3 34. f6 Rd4 35. Kf4 Rxb4 36. Rd1 h5 37. gxh6 Ra4 38. Rd8+ Kh7 39. g4
b4 40. g5 Ra7 41. Rb8 Ra4 42. Ke5 Ra5 43. Kd6 Rb5 44. Rxb5 cxb5 45. c6 b3 46.
c7 b2 47. c8=Q b1=Q 1/2-1/2

[Event "21e tournoi d'automne"]
[Site "Montigny le Bretonneux"]
[Date "2023.10.25"]
[Round "5.9"]
[White "Couradin, Jean-Marie"]
[Black "Aidan, David"]
[Result "1/2-1/2"]
[WhiteElo "1426"]
[BlackElo "1181"]
[Annotator "Rivier,Sylvain"]
[PlyCount "131"]
[EventDate "2023.??.??"]

{Défense hollandaise} 1. d4 f5 2. Nf3 e6 3. g3 Nf6 4. Bg2 Bb4+ 5. c3 Be7 6.
Nbd2 O-O 7. O-O d6 8. Qc2 Nbd7 9. a4 a5 10. Re1 d5 11. c4 c6 12. c5 Ne4 13. Nf1
g5 14. N3d2 Qe8 15. f3 Nxd2 16. Bxd2 Qf7 17. e4 fxe4 18. fxe4 Qf2+ 19. Kh1 Qxd4
20. exd5 Qf6 21. Rxe6 Qf7 22. Rae1 Bxc5 23. Bxg5 Bb4 24. R1e2 Ra7 25. Be7 Bxe7
26. Rxe7 Qf5 27. Qxf5 Rxf5 28. dxc6 bxc6 29. Re8+ Rf8 30. Bxc6 Ba6 31. Bd5+ Kh8
32. Rxf8+ Nxf8 33. Rf2 Kg7 34. Ne3 Ng6 35. Nf5+ Kh8 36. Nh6 Rd7 37. Bf3 Bc4 38.
Bc6 Re7 39. Kg2 Bb3 40. Nf5 Rc7 41. Nd4 Bc4 42. b3 Bf7 43. h4 Ne5 44. Be4 Rd7
45. Nc6 Ng4 46. Rb2 Rc7 47. Nxa5 Ne3+ 48. Kf2 Nd1+ 49. Ke2 Nxb2 50. Nc6 Bxb3
51. a5 Ba4 52. Nb4 Re7 53. Ke3 Nc4+ 54. Kd4 Nxa5 55. Nd5 Nb3+ 56. Ke3 Rg7 57.
Kf4 Nc5 58. Bb1 Bd7 59. Nf6 Bc8 60. Ba2 Ne6+ 61. Ke5 Rxg3 62. Bxe6 Bxe6 63.
Kxe6 Re3+ 64. Kf7 Rf3 65. h5 h6 66. Kg6 1/2-1/2